书目信息 |
| 书名: | Your college experience | |
| 作者: | John N.Gardner. | |
| 分册号: | ||
| 分册名: | 出版地: | Pacific Grove : |
|
| 出版社: | Duxbury Press | |
| 出版时间: | 1998. | |
| 页数: | 286 p. ; | |
| 开本: | 30cm. | |
| 丛书名: | ||
| 中图分类号: | ||
| 科图分类号: | ||
| 其他分类号: | G649.712 | |
| 主题词: | ||
| 电子资源: | ||
| 000 | 00430nam 2200145 a 4500 | |
| 001 | E0458555023 | |
| 005 | 2004122316155503 | |
| 008 | 041223s1998 00010 eng | |
| 020 | @a0-5345-3748-0 :@cRMB 12.00. | |
| 040 | @aPFT@beng | |
| 090 | @aG649.712 | |
| 099 | @dG649.712@eG217 | |
| 245 | @aYour college experience :@bstrategies for success / @cJohn N.Gardner. | |
| 260 | @aPacific Grove :@bDuxbury Press,@c1998. | |
| 300 | @a286 p. ;@c30cm. | |
| Your college experience : : strategies for success / / John N.Gardner.-Pacific Grove : : Duxbury Press, , 1998. |
| 286 p. ; ; 30cm. |
| ISBN 0-5345-3748-0 :RMB 12.00. |
| ● |
| 相关链接 |
|
|
|
正题名:Your college experience
索取号:G649.712/G217
 
预约/预借
| 序号 | 登录号 | 条形码 | 馆藏地/架位号 | 状态 | 备注 |
| 1 | 05182 | 300051823 | 社科库409/409社科库 119排3列1层/ [索取号:G649.712/G217] | 在馆 |